Statistiques concernant Formes de pays pixelisées #1

Cliquez ici pour prendre le quiz!

Statistiques générales

  • Ce quiz a été pris 11 416 fois
    (6 911 depuis la dernière actualisation)
  • Le résultat moyen est 10 sur 15

Statistiques - réponses

Réponse% Correct
Italie
100%
Japon
93%
Australie
92%
Espagne
90%
Chili
81%
Croatie
79%
Viêt Nam
76%
Mali
73%
Somalie
62%
Sri Lanka
60%
Papouasie-Nouvelle-Guinée
57%
République démocratique du Congo
52%
Pakistan
50%
Panama
44%
Corée du Sud
23%

Distribution des résultats

Percentile par nombre de réponses

% des personnes avec chaque résultat

Votre développement - résultats

Vous n’avez pas pris ce quiz depuis la dernière actualisation